| 000 | 00646nam a2200229 a 4500 | ||
|---|---|---|---|
| 001 | BRL_720 | ||
| 005 | 20190320210851.0 | ||
| 008 | 300913s1922----gw-#######---#000-0#ger-# | ||
| 041 | _ager | ||
| 044 | _agw | ||
| 050 | 4 |
_aML410.C4 _b.T34 1922 |
|
| 100 | 1 |
_aTchaíkowsky, Peter _d1840-1893 _924742 |
|
| 245 | 1 | 0 |
_aErinnerungen eines Musikers _cPeter Tchaíkowsky. |
| 260 |
_aLeipzig _bPhilipp Reclam Jun _c1922 |
||
| 300 |
_a145 p. _c16 cm. |
||
| 500 | _aEstado físico : falta cubierta del libro | ||
| 500 | _aAu799 | ||
| 650 | 1 | 4 |
_aMúsica _vLetras de canciones _924743 |
| 700 | 1 |
_aStumcke, Heinrich _924744 |
|
| 902 | _aGRL | ||
| 942 |
_2lcc _cB |
||
| 999 |
_c9532 _d9532 |
||